Zusammenfassung
Preklad resumé do nemčiny.
Salvato in:
| Autore principale: | |
|---|---|
| Altri autori: | |
| Natura: | Capitolo di libro |
| Lingua: | tedesco |
| Soggetti: | |
| Tags: |
Nessun Tag, puoi essere il primo ad aggiungerne!!
|
MARC
| LEADER | 00000naa$a2200000$$$4500 | ||
|---|---|---|---|
| 001 | 0216160 | ||
| 005 | 20240502073613.7 | ||
| 041 | 0 | |a ger | |
| 044 | |a SK | ||
| 245 | 1 | 0 | |a Zusammenfassung |c Veronika Rácová ; Preklad: Hana Chmelárová Marková |
| 520 | |a Preklad resumé do nemčiny. | ||
| 610 | 2 | 0 | |a jazyky cudzie |
| 610 | 2 | 0 | |a preklady odborné |
| 610 | 2 | 0 | |a nemčina |
| 610 | 2 | 0 | |a jazykoveda |
| 610 | 2 | 0 | |a literatúra |
| 100 | 1 | |a Rácová, Veronika | |
| 700 | 1 | |a Chmelárová Marková, Hana, 1981- | |